Statistics for Largest ancestry groups of the United States

Click here to take the quiz!

General Stats

  • This quiz has been taken 99 times
  • The average score is 11 of 14

Answer Stats

Pop. estimatesAncestry group (Country)% Correct
23,074,947United Kingdom (England)
99%
16,650,674Italy
95%
43,093,766Germany
94%
16,794,111Mexico
94%
3,797,379China
93%
7,673,619France
92%
5,399,371United Kingdom (Scotland)
92%
31,479,232Ireland
90%
9,012,085Poland
79%
3,183,063India
74%
3,906,193Netherlands
62%
4,295,981Norway
57%
3,417,285Philippines
45%
20,024,830United States
26%

Score Distribution

Percentile by Number Answered

Percent of People with Each Score

Your Score History

You have not taken this quiz